| 000 -CABECERA |
| fixed length control field |
01366nam a22003257i 4500 |
| 003 - IDENTIFICADOR DEL NÚMERO DE CONTROL |
| control field |
AR-CdUCM |
| 008 - DATOS DE LONGITUD FIJA--INFORMACIÓN GENERAL |
| fixed length control field |
231005b20212021pe o|||| |||| 00| 0 spa d |
| 020 ## - NÚMERO INTERNACIONAL ESTÁNDAR DEL LIBRO |
| ISBN |
978-612-48745-1-2 |
| 040 ## - FUENTE DE LA CATALOGACIÓN |
| Agencia/entidad que catalogó originalmente la obra |
MUNICIPALIDAD PROVINCIAL DEL CUSCO |
| Entidad que transcribió la catalogación |
BIBLIOTECA MUNICIPAL DEL CUSCO |
| 082 ## - NÚMERO DE LA CLASIFICACIÓN DECIMAL DEWEY |
| No. de Clasificación |
327.85 / G231 |
| Notacion interna |
G231 |
| 100 ## - ENTRADA PRINCIPAL--NOMBRE DE PERSONA |
| Nombre Personal |
García Belaunde, José Antonio |
| 245 ## - MENCIÓN DE TÍTULO |
| Título |
Dos siglos de desafíos en la política exterior peruana / |
| 260 ## - PUBLICACIÓN, DISTRIBUCIÓN, ETC. |
| Lugar de publicación, distribución, etc. |
Lima : |
| Nombre de la editorial, distribuidor, etc. |
Ministerio de Cultura Lima, Proyecto Especial del Bicentenario de la Independencia del Perú, |
| Fecha de publicación, distribución, etc. |
2021. |
| 300 ## - DESCRIPCIÓN FÍSICA |
| Nº de Páginas Extensión |
202 páginas. : |
| Dimensiones |
21 cm. |
| 500 ## - NOTA GENERAL |
| Bibliografía |
Bibliografía: páginas 199 - 202 |
| 505 ## - NOTA DE CONTENIDO CON FORMATO |
| Nota de contenido formateada |
Sobre identidad e independencia -- La república amenazada -- Límites con Bolivia -- Límites con Brasil -- Límites con Colombia -- Límites con Ecuador -- Cuestión con Chile -- Límites marinos -- La integración económica y la cooperación |
| 650 ## - PUNTO DE ACCESO ADICIONAL DE MATERIA--TÉRMINO DE MATERIA |
| Descriptor |
Independencia |
| 9 (RLIN) |
625 |
| 650 ## - PUNTO DE ACCESO ADICIONAL DE MATERIA--TÉRMINO DE MATERIA |
| Descriptor |
Cooperación latinoamericana |
| 9 (RLIN) |
49102 |
| 650 ## - PUNTO DE ACCESO ADICIONAL DE MATERIA--TÉRMINO DE MATERIA |
| Descriptor |
Mar de Perú, 200 millas |
| 9 (RLIN) |
49103 |
| 650 ## - PUNTO DE ACCESO ADICIONAL DE MATERIA--TÉRMINO DE MATERIA |
| Descriptor |
Hipotecas territoriales |
| 9 (RLIN) |
49104 |
| 650 ## - PUNTO DE ACCESO ADICIONAL DE MATERIA--TÉRMINO DE MATERIA |
| Descriptor |
Ecuador |
| 9 (RLIN) |
49261 |
| 650 ## - PUNTO DE ACCESO ADICIONAL DE MATERIA--TÉRMINO DE MATERIA |
| Descriptor |
Bolivia |
| 9 (RLIN) |
1138 |
| 650 ## - PUNTO DE ACCESO ADICIONAL DE MATERIA--TÉRMINO DE MATERIA |
| Descriptor |
Colombia |
| 9 (RLIN) |
140 |
| 650 ## - PUNTO DE ACCESO ADICIONAL DE MATERIA--TÉRMINO DE MATERIA |
| Descriptor |
Brasil |
| 9 (RLIN) |
1261 |
| 650 ## - PUNTO DE ACCESO ADICIONAL DE MATERIA--TÉRMINO DE MATERIA |
| Descriptor |
Límites territoriales |
| 9 (RLIN) |
49106 |
| 856 ## - LOCALIZACIÓN Y ACCESO ELECTRÓNICOS |
| Dirección electrónica |
www.bicentenario.gob.pe |
| 942 ## - ELEMENTOS DE PUNTO DE ACCESO ADICIONAL (KOHA) |
| Fuente de clasificación |
|
| Tipo de item |
Libros-BMC |
| 945 ## - PROCESAMIENTO DE INFORMACIÓN LOCAL (OCLC) |
| Catalogador |
pebm |
| AAAA-MM-DD - Fecha de ingreso o modificacion |
2023-10-05 |